Základy fuzzy množin /

Hlavní autor: Navara, Mirko, 1959-
Korporativní autor: České vysoké učení technické v Praze. Elektrotechnická fakulta
Další autoři: Olšák, Petr, 1963-
Jazyk: Čeština
Vydáno: Praha : Nakladatelství ČVUT, 2007
Vydání: Vyd. 2., přeprac.
Témata:
Fyzický popis: 150 s. ; 30 cm
Knihy
Uloženo v:
LEADER 01704nam a2200433 a 4500
001 nkc20071713608
003 CZ PrNK
005 20070629150951.0
007 ta
008 070323s2007 xr e p 001 0 cze
015 |a cnb001713608 
020 |a 978-80-01-03668-6  |q (brož.) 
035 |a (OCoLC)137330634 
040 |a OLA001  |b cze  |d ABA001 
072 7 |a 510  |x Obecné úvahy o matematice  |2 Konspekt  |9 13 
072 7 |a 37.016  |x Učební osnovy. Vyučovací předměty. Učebnice  |2 Konspekt  |9 22 
080 |a 510.22-021.167  |2 MRF 
080 |a (075.8)  |2 MRF 
100 1 |a Navara, Mirko,  |d 1959-  |7 ntka173496  |4 aut 
245 1 0 |a Základy fuzzy množin /  |c Mirko Navara, Petr Olšák 
250 |a Vyd. 2., přeprac. 
260 |a Praha :  |b Nakladatelství ČVUT,  |c 2007 
300 |a 150 s. ;  |c 30 cm 
500 |a Na obálce pod názvem: ČVUT v Praze, Fakulta elektrotechnická 
500 |a 200 výt. 
504 |a Obsahuje bibliografii, bibliografické odkazy a rejstřík 
550 |a Vydavatel: České vysoké učení technické v Praze 
650 0 7 |a fuzzy množiny  |7 ph120412  |2 czenas 
650 0 9 |a fuzzy sets  |2 eczenas 
655 7 |a učebnice vysokých škol  |7 fd133772  |2 czenas 
655 9 |a textbooks (higher)  |2 eczenas 
700 1 |a Olšák, Petr,  |d 1963-  |7 jn20010601412  |4 aut 
710 2 |a České vysoké učení technické v Praze.  |b Elektrotechnická fakulta  |7 kn20010710175 
910 2 |a BOA001  |b 3-1185.412 
990 |a BK 
995 |a 01 
991 |b 200704  |c NOV 
996 6 |b 2610307619  |c 3-1185.412  |l MZK  |r Sklad / do 1 hodiny  |n 3  |p p.v.  |w 000847642  |u 000010  |a 1  |e BOA001  |j MZK50  |s P 
996 7 |b 2610313528  |c 3-1185.412  |l MZK  |r Sklad / do 1 hodiny  |n 28  |p kup  |w 000847642  |u 000020  |a 1  |e BOA001  |j MZK50  |s A